000 00608nam a2200229Ia 4500
003 OSt
005 20221007071050.0
006 a|||||r|||| 00| 0
007 ta
008 221006b |||||||| |||| 00| 0 eng d
024 _a21,427
037 _cTextual
040 _aFLL
_cFLL
_beng
041 _2eng
_aeng
082 _aZ2:1133, G0
100 _aChand kANPUR
_9688065
245 0 _aGuardians and wards act
260 _aLahore
_bBhatnagar Book Agency Pakistan
_c1930
300 _axxxviii,181p
_ccm.
942 _hZ2:1133, G0
_cTEXL
_2CC
999 _c1142335
_d1142335